L'egittologo Luigi Vassalli-bey 1812-1887 : guida alla mostra : Museo Egizio del Cairo 9 Maggio-9 luglio 1994 /

محفوظ في:

المؤلف الرئيسي: Vassalli, Luigi, 1812-1887 (مؤلف)

مؤلف مشترك: Matḥaf al-miṣrī.

مؤلفون آخرون: La Guardia, Rina., Tiradritti, Francesco.

التنسيق: كتاب

اللغة: Italian
Arabic

الموضوعات:

الوسوم: إضافة وسم

لا توجد وسوم, كن أول من يضع وسما على هذه التسجيلة!

رقم الطلب: ( P )DT59 .V24 1994

LEADER 01311namaa2200337 4500
001 17925
003 OSt
005 20201115075331.0
008 130303s1994 ua a g c 000 0aita d
952 |0 0  |1 0  |2 lcc  |4 0  |7 1  |9 7619  |a ARCE  |b ARCE  |d 2020-11-15  |l 0  |o ( P )DT59 .V24 1994  |p 1018787  |r 2020-11-15 00:00:00  |w 2020-11-15  |y BK 
999 |c 15731  |d 15731 
040 |c ARCE Library 
041 1 |a ita  |h ara 
043 |a e-it---  |a f-ua--- 
050 0 4 |a ( P )DT59 .V24 1994 
100 1 |a Vassalli, Luigi,  |d 1812-1887,  |e author  |9 41579 
245 1 2 |a L'egittologo Luigi Vassalli-bey 1812-1887 :  |b guida alla mostra : Museo Egizio del Cairo 9 Maggio-9 luglio 1994 /  |c Museo Egizio del Cairo ; [coordinamento scientifico Rina La Guardia, Francesco Tiradritti]. 
264 1 |a Cairo :   |b Museo Egizio,   |c 1994. 
300 |a 1 volume (28-16 pages) :  |b illustrations ;  |c 24 cm. 
336 |a text  |b txt  |2 rdacontent 
337 |a unmediated  |b n  |2 rdamedia 
338 |a volume  |b nc  |2 rdacarrier 
546 |a Texte en italien et arabe. 
600 1 0 |a Vassalli, Luigi,  |d 1812-1887  |v Catalogs.  |9 41579 
650 0 |a Egyptologists  |z Italy  |v Exhibitions. 
651 0 |a Egypt  |x Antiquities  |v Exhibitions. 
700 1 |a La Guardia, Rina. 
700 1 |a Tiradritti, Francesco.  |9 41145 
710 2 |a Matḥaf al-miṣrī. 
901 |a reviewed 
942 |c BK  |2 lcc